000
00257nam a22001097a 4500
082
_a
532 NEK'P
100
_a
KOCHERGIN, A,FABRIKANT, N,NEKRASOV, B
_9
78625
245
_a
PROBLEMS IN HYDRAULICS
260
_a
MOSCOW
_b
MIR
_c
1974
300
_a
192P
942
_c
BK
999
_c
583739
_d
583739